000 00370nam a2200145Ia 4500
008 240624s9999 xx 000 0 und d
041 _aeng
082 _a336.278 GUP
100 _aGUPTA S S
245 _aSERVICE TAX HOW TO MEET YOUR OBLIGATIONS
250 _a(17th ed.)
260 _c2005
_aNew Delhi
_bTaxmann
300 _axciii, : 1364 : p. : cm. ; 24
365 _cRS
999 _c2597
_d2597